01376nam a2200301 i 4500001001000000003000900010005001700019007000300036008004100039040003000080082001400110100005600124245005600180264004300236300002600279336002700305337003300332338002800365504003200393590002700425910001400452942001400466952016300480952013200643952013800775952014400913999001701057000022040DO-SdBNP20240104102338.0ta100916s1994 dr r 000 0 spa d aDO-SdBNPbspacBNPHUerda bP421p2221 aPepén, Juan F. q (Juan Felix)913174d1920-200710aPrincipios de moral profesional /cJuan F. Pepén. 1aSanto Domingo :bEdiciones MSC,c1994. a264 páginasc23 cm. 2rdacontentatextobtxt 2rdamediaasin mediaciónbn 2rdacarrieravolumenbnc aBibliografía : p. 259-261 aInventariado, 2024/ YL aYLockward 2ddccLBS1 00102ddc56708DSaBNPHUbBNPHUcHDd2013-06-03eFlia. Reyes DuluciLF1l0oBNPHU DS P421pp22040-30r2020-06-25te. 3w2020-06-25yLBS1ZPréstamo en sala 00102ddc51708PDaBNPHUbBNPHUcHDd2010-09-16iLF1l0oBNPHU PD P421pp22040-10r2020-06-25w2020-06-25yLBS1ZNo se presta 00102ddc51708PDaBNPHUbBNPHUcHDd2011-03-18iLF1l0oBNPHU PD P421pp22040-20r2020-06-25te. 2w2020-06-25yLBS1ZNo se presta 00102ddc56708DSaBNPHUbBNPHUcHDd2013-06-03eFlia. Reyes DuluciLF1l0oBNPHU DS P421pp2024-0058r2024-01-04te. 4w2020-06-25yLBS1 c21538d21538